| 000 | 00589nam a2200193Ia 4500 | ||
|---|---|---|---|
| 003 | IN-BaIIA | ||
| 008 | 211028s9999 xx 000 0 eng d | ||
| 040 | _cIIA Library | ||
| 080 |
_a523.34 _bBAL |
||
| 100 |
_aBaldwin, Ralph B _92292 |
||
| 245 | 4 |
_aThe face of the moon _cRalph B Baldwin |
|
| 260 |
_aChicago _bUniversity of Chicago Press _c1949 |
||
| 300 | _axiv, 239p. | ||
| 650 | _aAstronomy and astrophysics thesaurus | ||
| 650 |
_aMoon - surface _92293 |
||
| 650 |
_aMorphology - moon _92294 |
||
| 650 |
_aPlanet moon _92295 |
||
| 942 | _cBK | ||
| 999 |
_c1071 _d1071 |
||